000 00743nmc a2200253 a 4500
003 AR-BaBNM
005 20251128211808.0
008 176020s2004 ||||||||||||||000 | spa||
020 _a84-277-1469-6
040 _cAR-BaBNM
100 1 _aZabalza, Miguel Angel
245 1 0 _aDiarios de clase
_bun instrumento de investigación y desarrollo profesional
260 _aMadrid
_bNarcea
_c2004
300 0 _a165 p.
490 0 _aEducación hoy estudios
504 _aContiene referencias bibliográficas
650 4 _aFORMACION DE DOCENTES
650 4 _aDESARROLLO PROFESIONAL
650 4 _aEVALUACION DEL DOCENTE
653 0 _aREFLEXION SOBRE LA PRACTICA
653 0 _aINVESTIGACION EDUCATIVA
942 _cBK
998 _cme-solo cat
999 _c21152
_d21152